kahaniyon mein autsukya ka anutatva (Record no. 80616)

MARC details
000 -LEADER
fixed length control field 00632nam a2200205Ia 4500
003 - CONTROL NUMBER IDENTIFIER
control field OSt
005 - DATE AND TIME OF LATEST TRANSACTION
control field 20260331154339.0
008 - FIXED-LENGTH DATA ELEMENTS--GENERAL INFORMATION
fixed length control field 210210b1966 xxu||||| |||| 00| 0 eng d
040 ## - CATALOGING SOURCE
Transcribing agency AL
041 ## - LANGUAGE CODE
Language code of text/sound track or separate title Hindi
082 ## - DEWEY DECIMAL CLASSIFICATION NUMBER
Classification number H891.9 BAKK
100 ## - MAIN ENTRY--PERSONAL NAME
Personal name BAKSHI (Ramesh).
Dates associated with a name रमेश बख्शी
9 (RLIN) 259873
245 ## - TITLE STATEMENT
Title kahaniyon mein autsukya ka anutatva
Remainder of title कहानियों में औत्सुक्य का अनु तत्व
260 ## - PUBLICATION, DISTRIBUTION, ETC.
Place of publication, distribution, etc. Agra
Name of publisher, distributor, etc. Sarasvati Pustak Sadan
Date of publication, distribution, etc. 1966
300 ## - PHYSICAL DESCRIPTION
Extent 99
650 ## - SUBJECT ADDED ENTRY--TOPICAL TERM
Topical term or geographic name entry element (curiosity)
9 (RLIN) 259874
690 ## - LOCAL SUBJECT ADDED ENTRY--TOPICAL TERM (OCLC, RLIN)
Topical term or geographic name as entry element Hindi Criticism
9 (RLIN) 259875
906 ## - LOCAL DATA ELEMENT F, LDF (RLIN)
a 029395
942 ## - ADDED ENTRY ELEMENTS (KOHA)
Source of classification or shelving scheme Dewey Decimal Classification
Koha item type Book
Holdings
Withdrawn status Lost status Source of classification or shelving scheme Damaged status Not for loan Collection code Home library Current library Shelving location Date acquired Cost, normal purchase price Total Checkouts Full call number Barcode Date last seen Price effective from Koha item type
    Dewey Decimal Classification     Hindi St Aloysius Library St Aloysius Library   02/17/2021 0.00   H891.9 BAKK 029395 02/17/2021 02/17/2021 Book